000 003530000a22001210004500
020 _a958-04-2586-8
100 1 _aRoldan P., Gabriel
245 1 0 _aCiencias naturales educacion ambiental y salud: Basica secundaria: Descubrir 6 / Gabriel Roldan Perez
260 _aSantafé de Bogotá: Norma
300 _a280 P.
500 _aTexto de estudio
001 449
999 _c47685
_d47685